Multiple Choice City Quiz – Montpelier, VT - Statistics

General Stats
  • This quiz has been taken 30 times
  • The average score is 5 of 10
Answer Stats
Question Answer % Correct
Which picture depicts the Vermont State House?
71%
Which of these statements about Montpelier is NOT true? Ben & Jerry's was founded there
71%
Which of these places is NOT located in Montpelier? Rock of Ages Quarry
59%
Which interstate highway passes through Montpelier's city limits? I-89
53%
What Vermont city is located about 5 miles to the southeast? Barre
47%
What park in Montpelier is known for its stone watch tower? Hubbard Park
47%
What nearby town contains the Central Vermont Medical Center and Edward F. Knapp Airport? Berlin
41%
What county is Montpelier in? Washington
41%
What river flows through Montpelier? Winooski
35%
What body of water is located upstream on the North Branch? Wrightsville Reservior
24%
No matching quizzes found
Score Distribution
Percent of People with Each Score
Percentile by Number Answered
Your Score History
You have not taken this quiz